000 00673nam a2200241Ia 4500
003 OSt
005 20220926012115.0
006 a|||||r|||| 00| 0
007 ta
008 220923b |||||||| |||| 00| 0 eng d
037 _cGeneral Book
040 _aRTL
_cRTL
_beng
041 _2eng
_aeng
082 _aY:675.73.N6, K8
100 _aMiller S M
_9116863
245 0 _aSocial class and social policy
260 _aNew York
_bBasic Books
_c1968
300 _axiv,302p
_ccm.
650 _aSocial Planning
700 _a Riessman Frank
_9132319
942 _hY:675.73.N6, K8
_cGB
_2CC
999 _c621722
_d621722